NBA Players by Letter - V - Statistics

General Stats
  • This quiz has been taken 19 times
  • The average score is 2 of 7
Answer Stats
Team Answer % Correct
Raptors Fred VanVleet
80%
Magic Nikola Vucevic
67%
Grizzlies Jonas Valanciunas
53%
Bulls Denzel Valentine
27%
Heat Gabe Vincent
7%
Timberwolves Jarred Vanderbilt
7%
Nuggets Noah Vonleh
7%
No matching quizzes found
Score Distribution
Percent of People with Each Score
Percentile by Number Answered
Your Score History
You have not taken this quiz